| 000 | 00710nam a2200157Ia 4500 | ||
|---|---|---|---|
| 008 | 090711s9999 xx 000 0 und d | ||
| 082 | _b75697 | ||
| 100 | _aगाला ध. रा. / गाला धीरेन | ||
| 245 | _aघरबसल्या इलाज लोहSाुंबक िSाकित्सा | ||
| 300 | _a122 | ||
| 600 | _aगाला ध. रा. / गाला धीरेन | ||
| 630 | _aघरबसल्या इलाज लोहSाुंबक िSाकित्सा | ||
| 700 | _aगाला ध. रा. / गाला धीरेन | ||
| 730 | _aघरबसल्या इलाज लोहSाुंबक िSाकित्सा | ||
| 942 | _cBOOK | ||
| 999 |
_c312014 _d312014 |
||